محمد فريد خميس بأقلام من عرفوه / (Record no. 29448)
[ view plain ]
| 000 -الفاتح | |
|---|---|
| حقل البيانات ثابتة الطول | 01135nam a22002777a 4500 |
| 003 - محدد رقم الضبط | |
| رقم الضبط | EG-ScBUE |
| 005 - وقت وتاريخ اخر تعامل مع التسجيلة | |
| رقم الضبط | 20210920141045.0 |
| 008 - عناصر البيانات ثابتة الطول - معلومات عامة | |
| حقل البيانات ثابتة الطول | 210920s2020 ua o f 000 0beng d |
| 040 ## - مصدر الفهرسة | |
| وكالة الفهرسة الأصلية | EG-ScBUE |
| لغة الفهرسة | ara |
| قواعد الوصف | rda |
| وكالة النسخ | EG-ScBUE |
| وكالة التعديل | EG-ScBUE |
| 043 ## - رمز المنطقة الجغرافية | |
| رمز المنطقة الجغرافية | f-ua--- |
| 082 04 - رقم تصنيف ديوى العشرى | |
| رقم التصنيف | 338.092 |
| رقم المادة | م ع هـ |
| رقم الطبعة | 22 |
| 110 2# - المدخل الرئيسى - إسم هيئة | |
| اسم الهيئة أو اسم السلطة كمدخل | المعهد الدولي العالي للإعلام بالشروق. |
| وحده ملحقة | قسم الصحافة، |
| الدور | مؤلف. |
| 245 10 - بيان العنوان | |
| العنوان | محمد فريد خميس بأقلام من عرفوه / |
| بيان المسئوليه,etc | إعداد أسرة قسم الصحافة، المعهد الدولي العالي للإعلام بالشروق. |
| 250 ## - بيان الطبعة | |
| بيان الطبعة | الطبعة الأولى. |
| 264 #1 - النشر، التوزيع | |
| مكان الناشر او الموزع | القاهرة : |
| اسم الناشر او الموزع | أكاديمية الشروق، |
| تاريخ النشر أو التوزيع | 2020. |
| 300 ## - الوصف المادى | |
| التعداد | 99 صفحة : |
| تفاصيل ماديه اخرى للوعاء | صور ؛ |
| أبعاد الوعاء | 22 سم |
| 336 ## - نوع المحتوى | |
| source | rdacontent |
| Carrier Type Term | نص |
| Content Type Code | txt |
| 337 ## - نوع الوسيط | |
| source | rdamedia |
| Media Type Term | بدون وسيط |
| Media Type Code | n |
| 338 ## - نوع الحامل أو الناقل | |
| source | rdacarrier |
| Carrier Type Term | مجلد |
| Carrier Type Code | nc |
| 541 ## - تبصرة المصدر المباشر للتزويد | |
| طريقة التزويد | Donation. |
| 600 17 - المدخل الاضافى بالموضوع-اسم شخصى | |
| الإسم الشخصى | خميس، محمد فريد، |
| التواريخ المصاحبة للاسم | 1940-2020. |
| مصدر الرأس أو المصطلح | BUEsh |
| 650 #7 - المدخل الاضافى بالموضوع-مصطلح موضوعى | |
| مصطلح موضوعي أو اسم جغرافي كعنصر مدخل | رجال الأعمال |
| التقسيم الفرعي الجغرافي | مصر |
| التقسيم الفرعي الشكلي | تراجم. |
| مصدر الرأس أو المصطلح | BUEsh |
| 653 ## - مصطلح تكشيفى غير مقيد | |
| Resource For college | Generalities |
| Arrived date list | September2021 |
| 655 ## - مصطلح تكشيفى-نوع/شكل | |
| التقسيم الفرعي الشكلي | Reading book |
| -- | 34232 |
| 942 ## - عناصر المدخل الإضافي( كوها) | |
| مصدر التصنيف او مخطط الترفيف | Dewey Decimal Classification |
| حالة التراجع | حالة الفقد | مصدر التصنيف او خطة الترفيف | حالة تلف | ليس للاعارة | مجموعات كوها | المكان الدائم | المكان الحالي | موقع الترفيف | تاريخ الاكتساب | Source of acquisition | رقم الاستدعاء | الباركود | Date last seen | نوع الوعاء | مُعار |
|---|---|---|---|---|---|---|---|---|---|---|---|---|---|---|---|
| Dewey Decimal Classification | Donation-Gift | Central Library | Central Library | Ground Floor | 20/09/2021 | Donation | 338.092 م ع هـ | 000050668 | 15/07/2025 | NB - Book (Non borrowing) | |||||
| Dewey Decimal Classification | Donation-Gift | Central Library | Central Library | Ground Floor | 20/09/2021 | Donation | 338.092 م ع هـ | 000050669 | 15/07/2025 | NB - Book (Non borrowing) | |||||
| Dewey Decimal Classification | Donation-Gift | Central Library | Central Library | Ground Floor | 20/09/2021 | Donation | 338.092 م ع هـ | 000050670 | 15/07/2025 | NB - Book (Non borrowing) | |||||
| Dewey Decimal Classification | Donation-Gift | Central Library | Central Library | First floor | 20/09/2021 | Donation | 338.092 م ع هـ | 000050671 | 15/07/2025 | Book - Borrowing | 06/09/2022 | ||||
| Dewey Decimal Classification | Donation-Gift | Central Library | Central Library | First floor | 20/09/2021 | Donation | 338.092 م ع هـ | 000050672 | 15/07/2025 | Book - Borrowing | |||||
| Dewey Decimal Classification | Donation-Gift | Central Library | Central Library | First floor | 20/09/2021 | Donation | 338.092 م ع هـ | 000050673 | 15/07/2025 | Book - Borrowing | |||||
| Dewey Decimal Classification | Donation-Gift | Central Library | Central Library | First floor | 03/01/2022 | Donation | 338.092 م ع هـ | 000056055 | 15/07/2025 | Book - Borrowing | |||||
| Dewey Decimal Classification | Donation-Gift | Central Library | Central Library | First floor | 03/01/2022 | Donation | 338.092 م ع هـ | 000056056 | 15/07/2025 | Book - Borrowing | |||||
| Dewey Decimal Classification | Donation-Gift | Central Library | Central Library | First floor | 03/01/2022 | Donation | 338.092 م ع هـ | 000056057 | 15/07/2025 | Book - Borrowing | |||||
| Dewey Decimal Classification | Donation-Gift | Central Library | Central Library | First floor | 17/01/2022 | Donation | 338.092 م ع هـ | 000056072 | 15/07/2025 | Book - Borrowing |